000
00293nam a22001337a 4500
003
SGT
082
_a
GUP, 540
100
_a
GUPTA, ALKA
245
_a
MODERN ANALYTICAL CHEMISTRY
260
_a
MEERUT
_b
PRAGATI PRAKASHAN
_c
2015
300
_a
244
650
_a
CHEMISTRY
942
_2
ddc
_c
FPS
_0
10
999
_c
10015
_d
10015